Archer - Statistics

General Stats
  • This quiz has been taken 168 times
    164 since last reset
  • The average score is 9 of 10
Answer Stats
Answer % Correct
1 Archer
100%
6 Pam
100%
2 Lana
98%
3 Cyril
97%
4 Malory
97%
5 Cheryl
94%
8 Ray
83%
10 Barry
78%
7 Kreiger
62%
9 Woodhouse
61%
No matching quizzes found
Score Distribution
Percent of People with Each Score
Percentile by Number Answered
Your Score History
You have not taken this quiz since the last reset